<?xml version="1.0" encoding="UTF-8"?>
<collection xmlns="http://www.loc.gov/MARC21/slim">
 <record>
  <leader>00448pamaa2200157   4500</leader>
  <controlfield tag="001">0000040792</controlfield>
  <controlfield tag="005">20081211090000.0</controlfield>
  <datafield tag="020" ind1="0" ind2="0">
   <subfield code="a">98310415186 (pbk) </subfield>
  </datafield>
  <datafield tag="090" ind1="0" ind2="0">
   <subfield code="a">RJ216 </subfield>
   <subfield code="b">BRE [200?]</subfield>
  </datafield>
  <datafield tag="245" ind1="1" ind2="0">
   <subfield code="a">BREASTFEEDING makes your child more intelligent &amp; healthy  </subfield>
   <subfield code="c">CAP.</subfield>
  </datafield>
  <datafield tag="260" ind1="0" ind2="0">
   <subfield code="a">Penang: </subfield>
   <subfield code="b">CAP, </subfield>
   <subfield code="c">[200?].</subfield>
  </datafield>
  <datafield tag="300" ind1=" " ind2=" ">
   <subfield code="a">84p.; </subfield>
   <subfield code="c">12cm.</subfield>
  </datafield>
  <datafield tag="440" ind1="0" ind2="0">
   <subfield code="a">CAP</subfield>
  </datafield>
  <datafield tag="650" ind1="0" ind2="0">
   <subfield code="a">Infant -- </subfield>
   <subfield code="x">Newborn disease </subfield>
  </datafield>
  <datafield tag="650" ind1="0" ind2="0">
   <subfield code="a">Breast feeding </subfield>
  </datafield>
  <datafield tag="710" ind1="1" ind2="1">
   <subfield code="a">Consumers' Association of Penang </subfield>
  </datafield>
 </record>
</collection>
